header

Night of the Ninjas (Record no. 263383)

MARC details
000 -LEADER
fixed length control field 00283nam a22001217a 4500
020 ## - INTERNATIONAL STANDARD BOOK NUMBER
ISBN 978067986371
ISBN 9780679963714
100 ## - MAIN ENTRY--AUTHOR NAME
Personal name Mary Pope Osborne
245 ## - TITLE STATEMENT
Title Night of the Ninjas
260 ## - PUBLICATION, DISTRIBUTION, ETC. (IMPRINT)
Place of publication New York
Name of publisher Random House
Year of publication 1995
490 ## - SERIES STATEMENT
Series statement Magic Tree House
942 ## - ADDED ENTRY ELEMENTS (KOHA)
Koha item type Long Loan Books
Holdings
Withdrawn status Lost status Collection code Home library Current library Shelving location Date acquired Accession Number Koha item type
    Fiction Rongo University Library Rongo University Library Children's Area 15/03/2024 CL20233246 Long Loan Books

© 2026 Rongo University
Contact us: librarian | system librarian | Rongo university